00877 a2200193 4500003000500000005001700005040000900022082001400031100002600045245003700071260003600108300001200144505021000156650002900366942002300395999001900418952012300437952012300560NUST20221229171221.0 cNust a356.1,ROM aRommel, Erwin 938506 aInfantry attacks /cErwin Rommel aWashingtonbUnited statesc1944 a265 p.; aPart-1: The War of Movement Belgium and Northern France ,1914 (Page-1), Part-2: trench Warfare in the Argonne and High Vosges (Page-51), Part-3: Open Warfare in Rumania and the Carpathians ,1917(Page-82).  aInfantry attacks9106436 2ddccBKk356.1,ROM c185598d185598 00102ddc4070aMCSbMCScGENd2016-12-12o356.1,ROMpMCS21721r2016-12-08w2016-12-12yBKzAlmirah No.53, Shelf No.4 00102ddc4070aMCSbMCScGENd2016-12-12o356.1,ROMpMCS21867r2016-12-08w2016-12-12yBKzAlmirah No.53, Shelf No.4